Word Ladder: Valentine's Day Message Quiz Stats

 Plays Quiz Updated Feb 13, 2015

Challenge
Share
Tweet
Embed
Score 0/30 Timer 03:00
2 Plays Today
Clue 3-Letter Word % Correct
Seeing organEYE
98.9%
Change fabric colorDYE
95.3%
ConsumeEAT
90.7%
'Where the Wild Things ___'ARE
88.4%
Make a hole with a shovelDIG
88.3%
Soften the lightsDIM
87.4%
Upper limbARM
86.7%
Fruit found in a NewtonFIG
85%
A primateAPE
84.4%
PayableDUE
84.2%
Actress Mendes or LongoriaEVA
84.1%
Female sheepEWE
83.3%
Carry around a heavy itemLUG
82.1%
Preparation for firingAIM
81.5%
___ Maria: Hail MaryAVE
81.1%
Clue 3-Letter Word % Correct
'Hotel ___ Dogs'FOR
81%
Evergreen typeFIR
80.9%
Actress GardnerAVA
80.1%
Dog from 'Up'DUG
79.7%
WonderAWE
79.2%
SuitableAPT
69.9%
BeforeERE
65.6%
Muscle of the backLAT
62.6%
Naval term for rearAFT
60.5%
Long measure of timeEON
58.9%
Sea eagleERN
53.9%
1967 Jack Lemmon filmLUV
52.8%
Small salamaderEFT
52.7%
A people of Nigeria and BeninFON
50.8%
A bathroom or WCLAV
50.1%

Today's Daily Dose

You're not logged in!

Compare scores with friends on all Sporcle quizzes.
Join for Free
OR
Log In

You Might Also Like...

Show Comments

Extras

Top Quizzes Today


Score Distribution

Your Account Isn't Verified!

In order to create a playlist on Sporcle, you need to verify the email address you used during registration. Go to your Sporcle Settings to finish the process.

Report this User

Report this user for behavior that violates our Community Guidelines.

Details: